Outdoor careers : exploring occupations in outdoor fields /

Salvato in:
Dettagli Bibliografici
Autore principale: Shenk, Ellen
Natura: Libro
Lingua:English
Pubblicazione: Mechanicsburg, Pa. : Stackpole Books, 2000.
Edizione:2nd ed.
Soggetti:
LEADER 01110cam a2200325 a 4500
001 c000388502
003 CARM
005 20120127162054.0
008 120127s2000 pau b 001 0 eng d
010 |a 99047776 
019 1 |a 20984010  |5 LACONCORD2021 
020 |a 0811728730 (alk. paper) 
035 |a (OCoLC)42454256  |5 LACONCORD2021 
040 |a DLC  |b eng  |c DLC  |d DLC 
042 |a pcc 
050 0 0 |a HF5381  |b .S542 2000 
082 0 4 |a 331.702  |2 21 
100 1 |a Shenk, Ellen. 
245 1 0 |a Outdoor careers :  |b exploring occupations in outdoor fields /  |c by Ellen Shenk. 
250 |a 2nd ed. 
260 |a Mechanicsburg, Pa. :  |b Stackpole Books,  |c 2000. 
300 |a xviii, 206 p. ;  |c 23 cm. 
504 |a Includes bibliographical references and index. 
650 0 |a Vocational guidance. 
650 0 |a Occupations. 
650 0 |a Outdoor life  |x Vocational guidance. 
650 0 |a Outdoor recreation  |x Vocational guidance. 
852 8 |b CARM  |p 0578085  |f BK 
999 f f |i ac6ec1b3-8644-522a-b411-1bb22fcaf310  |s 6ad971ee-d623-56ff-85ee-65a7f1d1857f 
952 f f |p Can circulate  |a CAVAL  |b CAVAL  |c CAVAL  |d CARM 1 Store  |i book  |m 0578085